| 000 | 00941nam a22002537a 4500 | ||
|---|---|---|---|
| 005 | 20180313113820.0 | ||
| 010 | _aBAC-CH25 | ||
| 020 |
_a9789381438596 _c95.00 |
||
| 020 |
_a9789381438596 _c120.00 (AV) |
||
| 035 | _aB-544556-585 | ||
| 035 | _aG-002764 | ||
| 035 | _aB-663762 | ||
| 037 |
_adpl _bRamesh /Ven |
||
| 082 | _aS | ||
| 100 | _aVerne, Jules | ||
| 245 |
_aA Journey to the center of the earth / _cby Jules Verne |
||
| 260 |
_aNew Delhi _bLittle Scholarz Pvt Ltd. _c2014 |
||
| 270 |
_a12-H, New Daryaganj Road, Opp. Traffic Kotwali _bNew Delhi _e110002 (India) |
||
| 300 |
_a248p.: _c19cm(pbk) _bill. |
||
| 942 |
_2ddc _cCH _mVER _hS |
||
| 999 |
_c86657 _d86657 |
||